MARC details
| 000 -LEADER |
| fixed length control field |
01725cas a2200421 i 4500 |
| 001 - CONTROL NUMBER |
| control field |
11481777 |
| 005 - DATE AND TIME OF LATEST TRANSACTION |
| control field |
20241003090007.0 |
| 008 - FIXED-LENGTH DATA ELEMENTS--GENERAL INFORMATION |
| fixed length control field |
100324c2021 cauzr p 0 0eng c |
| 010 ## - LIBRARY OF CONGRESS CONTROL NUMBER |
| LC control number |
97641552 |
| 015 ## - NATIONAL BIBLIOGRAPHY NUMBER |
| National bibliography number |
GB9910980 |
| Source |
bnb |
| 016 7# - NATIONAL BIBLIOGRAPHIC AGENCY CONTROL NUMBER |
| Record control number |
010490022 |
| Source |
Uk |
| 022 0# - INTERNATIONAL STANDARD SERIAL NUMBER |
| International Standard Serial Number |
1096-3480 |
| ISSN-L |
1096-3480 |
| Source |
1 |
| 040 ## - CATALOGING SOURCE |
| Original cataloging agency |
JNA |
| Language of cataloging |
eng |
| Transcribing agency |
CSPC |
| 050 00 - LIBRARY OF CONGRESS CALL NUMBER |
| Classification number |
TX911.3.M27 |
| Item number |
H66 |
| 082 00 - DEWEY DECIMAL CLASSIFICATION NUMBER |
| Classification number |
647/.94/711 |
| Edition number |
19 |
| 210 0# - ABBREVIATED TITLE |
| Abbreviated title |
J. hosp. tour. res. |
| 222 #0 - KEY TITLE |
| Key title |
Journal of hospitality & tourism research |
| 245 10 - TITLE STATEMENT |
| Title |
Journal of hospitality & tourism research. |
| 246 3# - VARYING FORM OF TITLE |
| Title proper/short title |
Journal of hospitality and tourism research |
| 260 ## - PUBLICATION, DISTRIBUTION, ETC. |
| Place of publication, distribution, etc. |
Washington, D.C. : |
| Name of publisher, distributor, etc. |
The Council on Hotel, Restraurant, and Institutional Education, |
| Date of publication, distribution, etc. |
2021- |
| 300 ## - PHYSICAL DESCRIPTION |
| Extent |
volumes : |
| Other physical details |
illustrations ; |
| Dimensions |
23 cm |
| 310 ## - CURRENT PUBLICATION FREQUENCY |
| Current publication frequency |
Eight times a year |
| 336 ## - CONTENT TYPE |
| Content type term |
text |
| Content type code |
txt |
| Source |
rdacontent |
| 337 ## - MEDIA TYPE |
| Media type term |
unmediated |
| Media type code |
n |
| Source |
rdamedia |
| 338 ## - CARRIER TYPE |
| Carrier type term |
volume |
| Carrier type code |
nc |
| Source |
rdacarrier |
| 490 ## - SERIES STATEMENT |
| Materials specified |
Printed Journal Collection |
| 500 ## - GENERAL NOTE |
| General note |
Includes bibliographical references. |
| 521 ## - TARGET AUDIENCE NOTE |
| Target audience note |
<br/>COLLEGE OF TOURISM, HOSPITALITY AND BUSINESS MANAGEMENT (CTHBM)<br/> |
| 650 #0 - SUBJECT ADDED ENTRY--TOPICAL TERM |
| Topical term or geographic name entry element |
Hotel management |
| General subdivision |
Study and teaching |
| Form subdivision |
Periodicals. |
| 650 #0 - SUBJECT ADDED ENTRY--TOPICAL TERM |
| Topical term or geographic name entry element |
Restaurant management |
| General subdivision |
Study and teaching |
| Form subdivision |
Periodicals. |
| 650 #7 - SUBJECT ADDED ENTRY--TOPICAL TERM |
| Topical term or geographic name entry element |
Hotel management |
| General subdivision |
Study and teaching. |
| Source of heading or term |
fast |
| Authority record control number or standard number |
(OCoLC)fst00961750 |
| 655 #7 - INDEX TERM--GENRE/FORM |
| Genre/form data or focus term |
Periodicals. |
| Source of term |
fast |
| Authority record control number or standard number |
(OCoLC)fst01411641 |
| 710 2# - ADDED ENTRY--CORPORATE NAME |
| Corporate name or jurisdiction name as entry element |
Journal of Hospitality and Tourism Resaech |
| 776 08 - ADDITIONAL PHYSICAL FORM ENTRY |
| Relationship information |
Online version: |
| Title |
Journal of hospitality & tourism research |
| International Standard Serial Number |
1096-3480 |
| Record control number |
(DLC) 2005215175 |
| -- |
(OCoLC)60628390 |
| 780 00 - PRECEDING ENTRY |
| Title |
Hospitality research journal |
| International Standard Serial Number |
1060-9350 |
| Record control number |
(DLC) 92640120 |
| -- |
(OCoLC)22334764 |
| 942 ## - ADDED ENTRY ELEMENTS (KOHA) |
| Source of classification or shelving scheme |
Dewey Decimal Classification |
| Koha item type |
Serials |
| Suppress in OPAC |
No |